|
|
|
|
| LEADER |
02591nam a2200577 aa4500 |
| 001 |
nkc20061693504 |
| 003 |
CZ PrNK |
| 005 |
20240417062457.0 |
| 007 |
ta |
| 008 |
061018s2006 xr a g p 000 0 cze |
| 015 |
|
|
|a cnb001693504
|
| 020 |
|
|
|a 80-7238-389-2
|q (učebnice ;
|q brož.)
|
| 020 |
|
|
|a 80-7238-390-6
|q (pracovní sešit ;
|q brož.)
|
| 020 |
|
|
|a 80-7238-391-4
|q (příručka učitele ;
|q brož.)
|
| 035 |
|
|
|a (OCoLC)85714804
|
| 040 |
|
|
|a BOA001
|b cze
|d ABA001
|
| 072 |
|
7 |
|a 811.111
|x Angličtina
|2 Konspekt
|9 11
|
| 072 |
|
7 |
|a 37.016
|x Učební osnovy. Vyučovací předměty. Učebnice
|2 Konspekt
|9 22
|
| 080 |
|
|
|a 811.111
|2 MRF
|
| 080 |
|
|
|a 81'24
|2 MRF
|
| 080 |
|
|
|a (075.2)
|2 MRF
|
| 080 |
|
|
|a (076.1)
|2 MRF
|
| 080 |
|
|
|a (072)
|2 MRF
|
| 100 |
1 |
|
|a Betáková, Lucie,
|d 1968-
|7 mzk2005300706
|4 aut
|
| 245 |
1 |
0 |
|a Angličtina 7 :
|b way to win : pro základní školy a víceletá gymnázia /
|c Lucie Betáková, Kateřina Dvořáková
|
| 246 |
3 |
|
|a Angličtina 7 pro základní školy a víceletá gymnázia
|
| 246 |
3 |
0 |
|a Way to win
|
| 250 |
|
|
|a 1. vyd.
|
| 260 |
|
|
|a Plzeň :
|b Fraus,
|c 2006
|
| 300 |
|
|
|a 3 sv. :
|b il. (některé barev.) ;
|c 28 cm
|
| 500 |
|
|
|a Dostupné též v digitální podobě v aplikaci Kramerius
|
| 505 |
0 |
|
|a učebnice. 104 s. -- pracovní sešit. 64 s. -- příručka učitele. 96 s., 8 s. obr. příl.
|
| 650 |
0 |
7 |
|a angličtina
|7 ph114056
|2 czenas
|
| 650 |
0 |
7 |
|a jazyková výuka
|7 ph162894
|2 czenas
|
| 650 |
0 |
9 |
|a English language
|2 eczenas
|
| 650 |
0 |
9 |
|a language teaching and learning
|2 eczenas
|
| 655 |
|
7 |
|a učebnice základních škol
|7 fd133773
|2 czenas
|
| 655 |
|
7 |
|a pracovní sešity
|7 fd133116
|2 czenas
|
| 655 |
|
7 |
|a metodické příručky
|7 fd132826
|2 czenas
|
| 655 |
|
9 |
|a textbooks (elementary)
|2 eczenas
|
| 655 |
|
9 |
|a activity books
|2 eczenas
|
| 655 |
|
9 |
|a methodological manuals
|2 eczenas
|
| 700 |
1 |
|
|a Dvořáková, Kateřina,
|d 1974-
|7 xx0026440
|4 aut
|
| 856 |
4 |
1 |
|u http://www.digitalniknihovna.cz/mzk/uuid/uuid:e27c1dd0-5812-11e7-a7b7-005056827e51
|y Digitalizovaný dokument
|x NDK
|
| 910 |
|
|
|a BOA001
|b 3-1175.741
|s učebnice, pracovní sešit, příručka učitele
|t v
|
| 990 |
|
|
|a BK
|
| 995 |
|
|
|a 01
|
| 991 |
|
|
|b 200610
|c NOV
|
| 996 |
6 |
|
|b 2610292022
|c 3-1175.741
|d 1, učebnice
|v 1
|l MZK
|r Sklad / do 1 hodiny
|n 4
|p p.v. ;
|w 000829166
|u 000010
|a 1
|e BOA001
|j MZK50
|s P
|
| 996 |
6 |
|
|b 2610292023
|c 3-1175.741
|d 2, prac. sešit
|v 2
|l MZK
|r Sklad / do 1 hodiny
|n 3
|p p.v.
|w 000829166
|u 000020
|a 1
|e BOA001
|j MZK50
|s P
|
| 996 |
6 |
|
|b 2610292024
|c 3-1175.741
|d 3, příručka učitele
|v 3
|l MZK
|r Sklad / do 1 hodiny
|n 2
|p p.v.
|w 000829166
|u 000030
|a 1
|e BOA001
|j MZK50
|s P
|